Advances in bioinformatics and computational biology : second Brazilian Symposium on Bioinformatics, BSB 2007, Angra dos Reis, Brazil, August 29-31, 2007 proceedings /

Bibliographic Details
Corporate Authors: Brazilian Symposium on Bioinformatics Angra dos Reis, Brazil, SpringerLink (Online service)
Other Authors: Sagot, Marie-France, 1956-, Walter, Maria Emilia M. T. (Marie Emilia Machado Telles)
Format: Conference Proceeding eBook
Language:English
Published: Berlin ; New York : Springer, [2007]
Series:Lecture notes in computer science ; 4643.
Lecture notes in computer science. Lecture notes in bioinformatics.
Subjects:
Online Access:Connect to the full text of this electronic book

MARC

Tag First Indicator Second Indicator Subfields
LEADER 00000cam a2200000Ia 4500
001 in00002366021
005 20210803090814.0
006 m d
007 cr cn|||||||||
008 071220s2007 gw a sb 101 0 eng d
020 |a 3540737316 
020 |a 9783540737315 
035 |a (OCoLC)184922201 
035 |a (OCoLC)ocn184922201 
037 |a 978-3-540-73730-8  |b Springer  |n http://www.springerlink.com 
040 |a GW5XE  |c GW5XE  |d GW5XE  |d UtOrBLW 
049 |a TEFA 
050 1 4 |a QH441.2  |b .B73 2007eb 
060 1 4 |a 2007 J-443 
060 1 4 |a QU 26.5  |b B827a 2007 
072 7 |a QA  |2 lcco 
072 7 |a QH  |2 lcco 
082 0 4 |a 570.285  |2 22 
111 2 |a Brazilian Symposium on Bioinformatics  |n (2nd :  |d 2007 :  |c Angra dos Reis, Brazil)  |0 http://id.loc.gov/authorities/names/nb2012024068 
245 1 0 |a Advances in bioinformatics and computational biology :  |b second Brazilian Symposium on Bioinformatics, BSB 2007, Angra dos Reis, Brazil, August 29-31, 2007 proceedings /  |c Marie-France Sagot, Maria Emilia M.T. Walter (eds.). 
264 1 |a Berlin ;  |a New York :  |b Springer,  |c [2007] 
264 4 |c ©2007 
300 |a xii, 175 pages :  |b illustrations ;  |c 24 cm. 
336 |a text  |b txt  |2 rdacontent 
337 |a computer  |b c  |2 rdamedia 
338 |a online resource  |b cr  |2 rdacarrier 
490 1 |a Lecture notes in computer science,  |x 0302-9743 ;  |v 4643.  |a Lecture notes in bioinformatics 
500 |a Electronic resource. 
504 |a Includes bibliographical references and index. 
533 |a Electronic reproduction.  |b New York :  |c Springer,  |d 2007.  |n Mode of access: World Wide Web.  |n System requirements: Web browser.  |n Title from title screen (viewed on Dec. 13, 2007).  |n Access may be restricted to users at subscribing institutions. 
650 1 2 |a Computational Biology.  |0 https://id.nlm.nih.gov/mesh/D019295 
655 2 |a Congress.  |0 https://id.nlm.nih.gov/mesh/D016423 
650 0 |a Bioinformatics  |v Congresses.  |0 http://id.loc.gov/authorities/subjects/sh2007101998 
650 0 |a Computational biology  |v Congresses.  |0 http://id.loc.gov/authorities/subjects/sh2009121165 
655 7 |a Electronic books.  |2 local 
700 1 |a Sagot, Marie-France,  |d 1956-  |0 http://id.loc.gov/authorities/names/n2001007553 
700 1 |a Walter, Maria Emilia M. T.  |q (Marie Emilia Machado Telles)  |0 http://id.loc.gov/authorities/names/nb2007020041 
710 2 |a SpringerLink (Online service)  |0 http://id.loc.gov/authorities/names/no2005046756 
776 1 |c Original  |z 9783540737308  |z 3540737308  |w (DLC) 2007931833  |w (OCoLC)166214350 
830 0 |a Lecture notes in computer science ;  |v 4643.  |0 http://id.loc.gov/authorities/names/n42015162 
830 0 |a Lecture notes in computer science.  |p Lecture notes in bioinformatics.  |0 http://id.loc.gov/authorities/names/n2003005443 
856 4 0 |u http://proxy.library.tamu.edu/login?url=https://dx.doi.org/10.1007/978-3-540-73731-5  |z Connect to the full text of this electronic book  |t 0 
994 |a C0  |b TEF 
999 |a MARS 
999 f f |s 3af6e503-a539-3ff2-b88e-e38b46e83f13  |i 6658a01b-8eca-355d-beb9-72d9bd3ca5be  |t 0 
952 f f |a Texas A&M University  |b College Station  |c Electronic Resources  |d Available Online  |t 0  |e QH441.2 .B73 2007eb  |h Library of Congress classification 
998 f f |a QH441.2 .B73 2007eb  |t 0  |l Available Online